000 01089nam a2200313 a 4500
001 4331084
003 mut
005 20240606081310.0
008 880225s1989 ohua b 000 0 eng d
010 _a 88060623
020 _a0538800453
035 _a(OCoLC)19070802
040 _aViU
_cmut
_dDLC
042 _alccopycat
050 0 4 _aHF5549.5.E45
_bG62 1989
245 0 0 _aGlobal human resources perspectives /
260 _aCincinnati :
_bSouth-Western Pub. Co.,
_cc1989.
300 _axii, 173 p. :
_bill. ;
_c23 cm.
440 0 _aGlobal business perspectives series
500 _a"GN60AA."
504 _aIncludes bibliographical references (p. 153-173).
650 0 _aPersonnel management.
650 0 _aInternational business enterprises
_xPersonnel management.
700 1 _aSheth, Jagdish N.
700 1 _aEshghi, Golpira S.
906 _a7
_bcbc
_ccopycat
_d3
_eopcn
_f19
_gy-gencatlg
942 _2lcc
_cBK
999 _c14305
_d14305